| 000 | 00634nam a22002177a 4500 | ||
|---|---|---|---|
| 008 | 140527b xxu||||| |||| 00| 0 eng d | ||
| 020 | _a9780821384398 | ||
| 041 | 0 | _aeng | |
| 080 | _a355/.033 | ||
| 110 | _aWorld Bank Staff | ||
| 245 | _aWorld Development Report 2011 | ||
| 260 |
_aWashington : _bWorld Bank Publications; _c2011. |
||
| 300 |
_a384 f.: _bme il.; _c27 cm. |
||
| 490 | _aWorld Development Report Ser. | ||
| 500 | _aForeword: f. XI-XII | ||
| 505 | _aIndex: f. 365-384 | ||
| 650 | 0 | _aBota | |
| 650 | 0 | _aRaporti | |
| 650 | 0 | _aZhvillimi | |
| 942 |
_2udc _cBK |
||
| 999 |
_c472 _d472 |
||